Statistiques concernant Aéroports les plus fréquentés d'Europe

Cliquez ici pour prendre le quiz!

Statistiques générales

  • Ce quiz a été pris 4,232 fois
  • Le résultat moyen est 36 sur 49

Statistiques - réponses

millions ville % Correct
66,0Paris (Charles de Gaulle)
100%
31,2Paris (Orly)
100%
75,7Londres (Heathrow)
98%
24,3Londres (Stansted)
98%
14,6Londres (Luton)
98%
43,1Londres (Gatwick)
98%
50,4Madrid
97%
41,8Rome
96%
11,7Berlin (Schönefeld)
95%
21,3Berlin (Tegel)
95%
13,9Moscou (Vnukovo)
92%
33,7Moscou (Domodedovo)
92%
28,5Moscou (Sheremetyevo)
92%
44,1Barcelone
91%
22,5Lisbonne
91%
27,9Dublin
89%
63,6Amsterdam
89%
21,8Bruxelles
88%
25,8Oslo
87%
20,0Athènes
86%
9,7Milan (Linate)
82%
11,2Milan (Orio al Serio)
82%
19,4Milan (Malpensa)
82%
24,7Stockholm
81%
23,4Vienne
81%
42,3Munich
80%
11,4Budapest
79%
12,8Varsovie
79%
17,2Helsinki
77%
13,1Prague
76%
29,0Copenhague
75%
11,0Bucarest
72%
13,3Saint-Pétersbourg
69%
25,6Manchester
69%
29,6Istanbul (Sabiha Gökçen)
68%
16,5Genève
68%
60,8Francfort
68%
27,7Zurich
61%
16,2Hambourg
57%
12,4Nice
55%
12,3Édimbourg
54%
9,6Venise
53%
11,9Cologne / Bonn
42%
23,5Düsseldorf
30%
11,6Birmingham
29%
10,6Stuttgart
29%
16,7Malaga
23%
26,3Palma
20%
12,3Alicante
8%

Distribution des résultats

Percentile by Number Answered

% des personnes avec chaque résultat

Votre développement - résultats

Vous n’avez pas pris ce quiz